LEADER 00819nam0-2200253 --450 001 9910341359103321 005 20191009125314.0 010 $a978-88-921-1872-0 100 $a20191009d2019----kmuy0itay5050 ba 101 0 $aita 102 $aIT 105 $a 001yy 200 1 $aRegolazione e mercato delle comunicazioni elettroniche$ela storia, la governance delle regole e il nuovo Codice europeo$fFabrizio Dalle Nogare 210 $aTorino$cGiappichelli$d2019 215 $aXVII, 313 p.$d24 cm 676 $a343.240994$v21$zita 700 1$aDalle Nogare,$bFabrizio$0764116 801 0$aIT$bUNINA$gREICAT$2UNIMARC 901 $aBK 912 $a9910341359103321 952 $a21 I 100$bCP 589$fDDCP 959 $aDDCP 996 $aRegolazione e mercato delle comunicazioni elettroniche$91551080 997 $aUNINA LEADER 02560oam 2200649I 450 001 9910781980703321 005 20231204145213.0 010 $a1-136-08429-0 010 $a1-136-08430-4 010 $a1-283-28829-X 010 $a9786613288295 010 $a0-240-81289-1 024 7 $a10.4324/9780240812892 035 $a(CKB)2550000000057490 035 $a(OCoLC)772175961 035 $a(CaPaEBR)ebrary10505678 035 $a(SSID)ssj0000541068 035 $a(PQKBManifestationID)11348733 035 $a(PQKBTitleCode)TC0000541068 035 $a(PQKBWorkID)10498464 035 $a(PQKB)10559988 035 $a(CaSebORM)9780240812908 035 $a(MiAaPQ)EBC787243 035 $a(EXLCZ)992550000000057490 100 $a20180706d2012 uy 0 101 0 $aeng 135 $aurcn||||||||| 181 $ctxt 182 $cc 183 $acr 200 10$aScenic art for the theatre /$fSusan Crabtree and Peter Beudert 205 $a3rd ed. 210 1$aWaltham, Mass. :$cFocal Press, an imprint of Elsevier,$d2012. 215 $a1 online resource (437 p.) 300 $aBibliographic Level Mode of Issuance: Monograph 311 $a1-138-46597-6 311 $a0-240-81290-5 327 $apt. 1. The profession of scenic artistry -- pt. 2. The tools of the trade -- pt. 3. Two-dimensional scenic painting techniques. 330 $aNow in its third edition, Scenic Art for the Theater: History, Tools and Techniques continues to be the most trusted source for both student and professional scenic artists. With new information on scenic design using Photoshop, Paint Shop Pro and other digital imaging software this test expands to offer the developing artist more step-by-step instruction and more practical techniques for work in the field. It goes beyond detailing job functions and discussing techniques to serve as a trouble-shooting guide for the scenic artist, providing practical advice for everyday solutions. 606 $aScene painting$xTechnique 606 $aScene painting$xHistory 606 $aArtists' tools 606 $aArtists' materials 615 0$aScene painting$xTechnique. 615 0$aScene painting$xHistory. 615 0$aArtists' tools. 615 0$aArtists' materials. 676 $a751.75 700 $aCrabtree$b Susan$f1959-,$01551902 701 $aBeudert$b Peter$01551903 801 0$bMiAaPQ 801 1$bMiAaPQ 801 2$bMiAaPQ 906 $aBOOK 912 $a9910781980703321 996 $aScenic art for the theatre$93811603 997 $aUNINA